1446 1958 1058 1354 1962 1662 1566 1120 1071 1073 1874 1309 1389 1434 1151 1659 1784 1236 1870 1040 1602 1619 1366 1762 1533 1202 1565 1605 1618 1028 1117 1367 1303 1744 1194 1002 1485 1964 1361 1289 1560 1302 1003 1080 1946 1392 1795 1964 1362 1270 1491 1352 1895 1828 1041 1150 1610 1728 1359 1235 1916 1367 1385 1809 1037 1304 1351 1505 1974 1501 1451 1617 1104 1674 1153 1767 1536 1780 1465 1669 1666 1031 1631 1262 1870 1620 1415 1380 1582 1983 1963 1804 1884 1419 1172 1851 1062 1855 1418 BCNSPRNW ULIB Ver.6.0+V

เปลี่ยนเป็นภาษาไทย

Change to English
 แสดงรายละเอียดบรรณานุกรม
  กลับหน้าหลัก

Brief Record : Get Marc (ISO 2709) : E-mail record : QR code < ปิดหน้าต่าง
LEADER : 00000nam 2200000uu 4500
001    13399112023
003     ULIB
008    110627s2549||||th 000 0 tha d
099    วจ.WY18.2^bว113ค
100 0  วงเดือน สุวรรณคีรี
245 00 คุณภาพการจัดการศึกษาหลักสูตรพยาบาลศาสตรบัณฑิต โครงการความร่วมผลิตบัณฑิตสาขาพยาบาลศาสตร์ระหว่างมหาวิทยาลัยนเรศวร กับกระทรวงสาธารณสุข/^cวงเดือน สุวรรณคีรี
260    พิษณุโลก :^bมหาวิทยาลัยนเรศวร,^c2549
300    130 หน้า
650  7 วิชาชีพพยาบาล^xวิจัย
650  7 มหาวิทยาลัยนเรศวร
945    ^p0^l0^i020598
945    ^p0^l0^i020599
945    ^p0^l0^i020600
945    ^p0^l0^i020601
945    ^p0^l0^i020602
945    ^p0^l0^i020603
945    ^p0^l0^i020604
945    ^p0^l0^i023520
945    ^p0^l0^i032862
995    ทศพร
999 ^a ใช้งานได้ทุกระบบ
รายการนี้ยังไม่มีแท็ก
คุณยังไม่ได้ล็อกอิน คุณสามารถมีกิจกรรมร่วมกับเว็บไซต์ได้ แต่ต้องล็อกอินก่อน ::
  ล็อกอิน

รายการสื่อสารสนเทศ

ลำดับที่ ประเภท เลขเรียก/บาร์โค้ด สถานที่ สถานะ
1. งานวิจัย
งานวิจัย
วจ.WY18.2 ว113ค ฉ.9 
  Barcode: 032862
ห้องสมุดวิทยาเขตสวรรค์ประชารักษ์
►วิจัย
บนชั้น

รายการใกล้เคียง
    ผู้แต่ง [วงเดือน สุวรรณคีรี]

    หัวเรื่อง [มหาวิทยาลัยนเรศวร]

BibComment


ยังไม่เคยถูกคอมเมนท์

คอมเมนท์ทรัพยากรรายการนี้
  คอมเมนท์: คุณภาพการจัดการศึ..


 Copyright 2026. Bcnsprnw @Library